Numerical Analysis (Record no. 12700)

000 -LEADER
fixed length control field 00308nam a22001337a 4500
082 ## - DEWEY DECIMAL CLASSIFICATION NUMBER
Classification number 519.4 BUR
100 ## - MAIN ENTRY--PERSONAL NAME
Personal name Burden, Richard L.
245 ## - TITLE STATEMENT
Title Numerical Analysis
250 ## - EDITION STATEMENT
Edition statement 8th ed.
260 ## - PUBLICATION, DISTRIBUTION, ETC.
Place of publication, distribution, etc. USA
Name of publisher, distributor, etc. Brooks Cole
Date of publication, distribution, etc. 2004
300 ## - PHYSICAL DESCRIPTION
Extent xiv, 847 p.
650 ## - SUBJECT ADDED ENTRY--TOPICAL TERM
Topical term or geographic name entry element Numerical analysis.
942 ## - ADDED ENTRY ELEMENTS (KOHA)
Koha item type Book
Holdings
Withdrawn status Lost status Damaged status Not for loan Collection code Permanent Location Current Location Shelving location Date acquired Total Checkouts Total Renewals Full call number Barcode Date last seen Date last checked out Price effective from Koha item type
          Central Library (CL) Central Library (CL) General Stacks 02/10/2014 9 12 519.4 BUR SEECSD00717 06/06/2024 01/24/2020 02/10/2014 Book
© 2023 Central Library, National University of Sciences and Technology. All Rights Reserved.